Manual de direito do consumidor Tp̤icos & Controvřsias /

Bibliographic Details
Main Author: Schwartz, Fabio
Format: eBook
Language:Portuguese
Published: Rio de Janeiro: Editora Processo, 2020
Edition:2da. Edicin̤
Subjects:
Online Access:Acceso restringido

MARC

LEADER 00000nam a22000007a 4500
005 20220812021249.0
007 cr|||| ||||
008 220812s2020 br |||||s|||| 00||0 por d
020 |a 978-85-93741-70-8 
035 |a 36822 
040 |a vLex 
090 |c 13696  |d 13696 
100 1 |a Schwartz, Fabio 
245 1 0 |a Manual de direito do consumidor  |h [Recurso electrn̤ico] :  |b Tp̤icos & Controvřsias /  |c Fabio Schwartz 
250 |a 2da. Edicin̤ 
256 |a Servicio en ln̕ea 
260 |a Rio de Janeiro:  |b Editora Processo,  |c 2020 
300 |a 1 recurso electrn̤ico 
500 |a Conheci este livro na casa de uma familiar. Na ocasiô, peguei a sua primeira ediȯ̂ na estante e simplesmente nô consegui parar de ler. O livro tem linguagem fc̀il e escorreita, sem perder a profundidade dos temas, passando pela anl̀ise dos principais assuntos do Direito do Consumidor.(...) Pela amplitude e profundidade dos temas, todos eles abordados com as devidas confrontaė̳s doutrinr̀ias e abordagem jurisprudencial, este livro cumpre perfeitamente a sua funȯ̂ como um Manual, sendo indicado para todos os nv̕eis de ensino do Direito do Consumidor, desde os bancos de graduaȯ̂ at ̌o pb︢lico profissional e acadm̊ico.(...) Fica entô a recomendaȯ̂ para a sua leitura, entre os bons trabalhos sobre o tema em nosso Pas̕. (...) 
506 1 |a Disponible solo en los productos indicados  |d vLex Global  |d vLex Global (Academic Edition, excluding Law Schools)  |d vLex Global (U.S. Academic Edition, Law Schools)  |d vLex Global (U.S. Academic Edition, excluding Law Schools)  |d vLex Global (Academic Edition, Law Schools) 
650 0 4 |a Derecho Civil  |z Brasil 
650 0 4 |a Consumidores Usuarios  |z Brasil 
740 0 |a vLex Libros (Servicio en ln̕ea) 
856 4 0 |u https://app.vlex.com/#/sources/36822  |z Acceso restringido 
942 |c BOOK 
999 0 |a Civil Law 
999 0 |a Consumers Users